Oracle 10g : (Record no. 132975)

MARC details
000 -LEADER
fixed length control field 00703nam a22002417a 4500
003 - CONTROL NUMBER IDENTIFIER
control field 0
005 - DATE AND TIME OF LATEST TRANSACTION
control field 20181023171215.0
008 - FIXED-LENGTH DATA ELEMENTS--GENERAL INFORMATION
fixed length control field 0
010 ## - LIBRARY OF CONGRESS CONTROL NUMBER
LC control number B-164052
020 ## - INTERNATIONAL STANDARD BOOK NUMBER
Terms of availability 240.00
International Standard Book Number 8183330444
035 ## - SYSTEM CONTROL NUMBER
System control number B-164052, B-164055, B-164076
037 ## - SOURCE OF ACQUISITION
Source of stock number/acquisition Cen Lib/Ret
040 ## - CATALOGING SOURCE
Original cataloging agency DPL
Language of cataloging EN
Transcribing agency 0
082 ## - DEWEY DECIMAL CLASSIFICATION NUMBER
Classification number 005.754
Item number BAY
100 ## - MAIN ENTRY--PERSONAL NAME
Personal name Bayross, Ivan
9 (RLIN) 1086
245 ## - TITLE STATEMENT
Title Oracle 10g :
Statement of responsibility, etc by Ivan Bayross
Remainder of title the database with HTMLDB /
260 ## - PUBLICATION, DISTRIBUTION, ETC. (IMPRINT)
Place of publication, distribution, etc New Delhi
Name of publisher, distributor, etc BPB Publications
Date of publication, distribution, etc 2005
270 ## - ADDRESS
Address B-14, Connaught Place
City New Delhi
Postal code 110001
300 ## - PHYSICAL DESCRIPTION
Extent vii,333p. :
Dimensions 23cm(Hb)
Other physical details ill.
650 ## - SUBJECT ADDED ENTRY--TOPICAL TERM
Topical term or geographic name as entry element HTML -- Database
9 (RLIN) 36358
650 ## - SUBJECT ADDED ENTRY--TOPICAL TERM
Topical term or geographic name as entry element Oracle--Database
9 (RLIN) 74549
942 ## - ADDED ENTRY ELEMENTS (KOHA)
Source of classification or shelving scheme Dewey Decimal Classification
Koha item type English Books
Classification part 005.754
Call number suffix BAY
Holdings
Withdrawn status Lost status Damaged status Not for loan Home library Current library Date acquired Source of acquisition Cost, normal purchase price Total Checkouts Full call number Barcode Date last seen Copy number Cost, replacement price Price effective from Koha item type Source of classification or shelving scheme Collection code
        Central Library Central Library 24/07/2015 Cen Lib/Ret 240.00   005.754 BAY B-164052 24/07/2015 1 240.00 24/07/2015 English Books    
        Central Library Central Library 27/07/2015 Cen Lib/Ret 240.00   005.754 BAY B-164053 27/07/2015 2 240.00 27/07/2015 English Books    
        Patel Nagar Patel Nagar 31/07/2018 BPPD/PUB 240.00   005.754 BAY B-164055 31/07/2018   240.00 31/07/2018 English Books Dewey Decimal Classification Non-fiction
        Yojana Vihar Yojana Vihar 23/10/2018 BPPD/PUB 240.00   005.754 BAY B-164076 23/10/2018   240.00 23/10/2018 English Books Dewey Decimal Classification Non-fiction

© Delhi Public Library
Hit Counter
free hit counter